Wybierz tylko kraje danego kontynentu! - Statystyki

Ogólne statystyki
  • Ten quiz został rozwiązany 2 025 razy
  • Średni wynik to 70 z 80
Statystyki odpowiedzi
Zagadnienie Komórka Select % Poprawnych
Wybierz tylko kraje Europejskie! Oman! Nie
100%
Wybierz tylko kraje Europejskie! Zambia! Nie
100%
Wybierz tylko kraje Europejskie! Francja! Tak
99%
Wybierz tylko kraje Europejskie! Gwatemala! Nie
99%
Wybierz tylko kraje Europejskie! Mali! Nie
99%
Wybierz tylko kraje Europejskie! Nepal! Nie
99%
Wybierz tylko kraje Europejskie! Panama! Nie
99%
Wybierz tylko kraje Europejskie! Seszele! Nie
99%
Wybierz tylko kraje Europejskie! Urugwaj! Nie
99%
Wybierz tylko kraje Europejskie! Holandia! Tak
98%
Wybierz tylko kraje Europejskie! Mongolia! Nie
98%
Wybierz tylko kraje Europejskie! Syria! Nie
98%
Wybierz tylko kraje Europejskie! Dania! Tak
97%
Wybierz tylko kraje Afrykańskie! Kanada! Nie
96%
Wybierz tylko kraje Europejskie! Norwegia! Tak
96%
Wybierz tylko kraje Afrykańskie! Chile! Nie
95%
Wybierz tylko kraje Amerykańskie! Australia! Nie
94%
Wybierz tylko kraje Azjatyckie! Boliwia! Nie
93%
Wybierz tylko kraje Afrykańskie! Cypr! Nie
93%
Wybierz tylko kraje Australii i Oceanii! Indie! Nie
93%
Wybierz tylko kraje Azjatyckie! Kenia! Nie
93%
Wybierz tylko kraje Amerykańskie! Kongo! Nie
93%
Wybierz tylko kraje Amerykańskie! Wietnam! Nie
93%
Wybierz tylko kraje Afrykańskie! Bośnia i Hercegowina! Nie
92%
Wybierz tylko kraje Afrykańskie! Grecja! Nie
92%
Wybierz tylko kraje Europejskie! Liechtenstein! Tak
92%
Wybierz tylko kraje Europejskie! Maroko! Nie
92%
Wybierz tylko kraje Azjatyckie! Nowa Zelandia! Nie
92%
Wybierz tylko kraje Afrykańskie! Szwecja! Nie
92%
Wybierz tylko kraje Amerykańskie! Zambia! Nie
92%
Wybierz tylko kraje Amerykańskie! Andora! Nie
91%
Wybierz tylko kraje Amerykańskie! Białoruś! Nie
91%
Wybierz tylko kraje Azjatyckie! Czechy! Nie
91%
Wybierz tylko kraje Australii i Oceanii! Etiopia! Nie
91%
Wybierz tylko kraje Amerykańskie! Finlandia! Nie
91%
Wybierz tylko kraje Azjatyckie! Gabon! Nie
91%
Wybierz tylko kraje Azjatyckie! Islandia! Nie
91%
Wybierz tylko kraje Australii i Oceanii! Jemen! Nie
91%
Wybierz tylko kraje Australii i Oceanii! Katar! Nie
91%
Wybierz tylko kraje Amerykańskie! Łotwa! Nie
91%
Wybierz tylko kraje Amerykańskie! Mołdawia Nie
91%
Wybierz tylko kraje Amerykańskie! Słowacja! Nie
91%
Wybierz tylko kraje Azjatyckie! Ghana! Nie
90%
Wybierz tylko kraje Australii i Oceanii! Irlandia! Nie
90%
Wybierz tylko kraje Australii i Oceanii! Litwa! Nie
90%
Wybierz tylko kraje Australii i Oceanii! Macedonia Północna! Nie
90%
Wybierz tylko kraje Australii i Oceanii! Portugalia! Nie
90%
Wybierz tylko kraje Australii i Oceanii! Rosja! Nie
90%
Wybierz tylko kraje Afrykańskie! Saint Kitts i Nevis! Nie
90%
Wybierz tylko kraje Azjatyckie! Haiti! Nie
88%
Wybierz tylko kraje Afrykańskie! Niger! Tak
88%
Wybierz tylko kraje Azjatyckie! Korea Północna! Tak
87%
Wybierz tylko kraje Australii i Oceanii! Somalia! Nie
87%
Wybierz tylko kraje Afrykańskie! Algieria! Tak
86%
Wybierz tylko kraje Afrykańskie! Belize! Nie
85%
Wybierz tylko kraje Afrykańskie! Demokratyczna Republika Konga! Tak
85%
Wybierz tylko kraje Afrykańskie! Egipt! Tak
85%
Wybierz tylko kraje Amerykańskie! Stany Zjednoczone! Tak
85%
Wybierz tylko kraje Amerykańskie! Meksyk! Tak
84%
Wybierz tylko kraje Azjatyckie! Seszele! Nie
83%
Wybierz tylko kraje Azjatyckie! Fidżi! Nie
82%
Wybierz tylko kraje Azjatyckie! Papua-Nowa Gwinea Nie
81%
Wybierz tylko kraje Azjatyckie! Afganistan! Tak
80%
Wybierz tylko kraje Afrykańskie! Kiribati! Nie
80%
Wybierz tylko kraje Afrykańskie! Libia! Tak
80%
Wybierz tylko kraje Afrykańskie! Madagaskar! Tak
80%
Wybierz tylko kraje Amerykańskie! Jamajka! Tak
79%
Wybierz tylko kraje Australii i Oceanii! Wyspy Salomona! Tak
79%
Wybierz tylko kraje Australii i Oceanii! Mauretania! Nie
78%
Wybierz tylko kraje Australii i Oceanii! Mikronezja! Tak
78%
Wybierz tylko kraje Australii i Oceanii! Brunei! Nie
77%
Wybierz tylko kraje Australii i Oceanii! Nowa Zelandia! Tak
77%
Wybierz tylko kraje Azjatyckie! Nepal! Tak
75%
Wybierz tylko kraje Amerykańskie! Honduras! Tak
74%
Wybierz tylko kraje Amerykańskie! Antigua i Barbuda Tak
71%
Wybierz tylko kraje Australii i Oceanii! Palau! Tak
71%
Wybierz tylko kraje Amerykańskie! Saint Lucia! Tak
71%
Wybierz tylko kraje Afrykańskie! Tunezja! Tak
70%
Wybierz tylko kraje Azjatyckie! Timor Wschodni! Tak
64%
Wybierz tylko kraje Azjatyckie! Malediwy! Tak
59%
Nie znaleziono quizów pasujących do podanych kryteriów
Rozkład punktacji
Procent ludzi z każdym wynikiem
Percentyl według liczby udzielonych odpowiedzi
Twoja historia wyników
Nie rozwiązałeś tego quizu